000 00651nam a22002297a 4500
003 UA-OsUOA
001 35079
007 ta
008 20051107b un ||||| |||| 00| 0 ukr d
090 _a81'374.2-111
_bС48
942 _cBK
040 _aUA-OsUOA
_bukr
_cUA-OsUOA
_dUA-OsUOA
245 _aСловник ділових термінів
300 _a95 с.
955 _a2
041 _aukr
080 _a81'374.2-111
020 _a5-7707-4321-2
260 _aК.
_bСмолоскип
_c1993
650 7 _a8 Мовознавство. Художня література. Літературознавство
_2UDC
999 _c321470
_d321470